Topics in number theory /

Gespeichert in:
Bibliographische Detailangaben
1. Verfasser: Chahal, J.S (Verfasst von)
Format: Buch
Sprache:Englisch
Veröffentlicht: New York : Plenum Press, 1988
Schriftenreihe:The University Series in Mathematics
Tags: Tag hinzufügen
Keine Tags, Fügen Sie das erste Tag hinzu!

MARC

LEADER 00000nam a22000003a 4500
001 stu138
005 20150617225622.1
008 910328s1988----xxu-----------------eng-d
020 |a 0-306-42866-0 
040 |a STU  |b slo 
041 0 |a eng 
044 |a xxu 
080 |a 511  |7 stu_us_auth*stu8288 
100 1 |a Chahal, J.S  |4 aut 
245 1 |a Topics in number theory /  |c [aut.] Chahal,J.S 
260 |a New York :  |b Plenum Press,  |c 1988 
300 |a 191 s 
830 0 |a The University Series in Mathematics 
996 |b E73696  |c E*73696  |l EE22  |s P  |a 0  |w stu138_0001